00917cam a22002291 4500001001300000003000400013005001700017008004100034010001700075035002000092040004200112042001200154050002100166111005300187245002500240260012800265300004100393500013500434500007800569650002300647999001700670sd 40000171 DLC20260227112733.0870421s1937 fr c 000 0 fre c asd 40000171  a(OCoLC)15562290 aU.S. Dept. of State LibrarycDGWdDLC apremarc00aJX1930b.U5 19372 aUniversal Peace Congressn(32d :d1937 :cParis)10aDocuments officiels. aParis,bDélégation permanente des sociétés françaises de la paix, Conseil national de la paix; [etc.,etc.c1937?] a308 pbfold. plates (ports.)c26 cm. aAt head of title: XXXIIe Congrés universel de la paix. Paris de la Sorbonne et Maison des artes et métiers, 24-29 août 1937. aText mainly in French; the resolutions are in French, English and German. 0aPeacevCongresses. c89857d89857